Intuición, acción, creación: Graphic design thinking.

Bewaard in:
Bibliografische gegevens
Hoofdauteur: Lupton, Ellen (editora)
Andere auteurs: Marcos, Álvaro (traductor)
Formaat: Boek
Gepubliceerd in: Barcelona, España: Gustavo Gili, 2012.
Editie:1a edición.
Onderwerpen:
Tags: Voeg label toe
Geen labels, Wees de eerste die dit record labelt!

MARC

LEADER 00000nam a22000007a 4500
003 CL-VaPUC
005 20250407202445.0
008 250313t2012 ||||| |||| 00| 0 eng d
999 |c 447305  |d 447303 
020 |a 978-84-252-2573-4 
040 |c Pontificia Universidad Católica de Valparaíso 
082 |a 741.6 LUP 2012 
100 |9 896746  |a Lupton, Ellen  |e editora 
245 |a Intuición, acción, creación:  |b Graphic design thinking. 
250 |a 1a edición. 
260 |a Barcelona, España:  |b Gustavo Gili,  |c 2012. 
300 |a 184 páginas:  |b ilustraciones. 
500 |a c.1.Instituto Arcos.08-01-2025. 
583 |c 20250313  |k Gabriela Rodríguez Cuevas 
650 0 |9 266874  |a Diseño gráfico  |x Técnicas 
650 0 |9 310706  |a Pensamiento creativo 
650 0 |9 265865  |a Artes gráficas 
700 |9 896501  |a Marcos, Álvaro  |e traductor 
942 |2 ddc  |c BK  |n 0 
952 |0 0  |1 0  |2 ddc  |4 0  |6 741_600000000000000_LUP_2012  |7 0  |8 A  |9 601151  |a BIBINC  |b BIBINC  |d 2025-03-13  |e Instituto Arcos  |i 5665966  |o 741.6 LUP 2012  |p 5665966  |r 2025-03-13  |t 1  |w 2025-03-13  |y BK  |k IFP